000
00336nam a2200145Ia 4500
003
OSt
008
191201s2015 xx 000 0 und d
082
_a
346.065
_b
KUB
100
_a
KUCHHAL, M.C.
245
0
_a
Business Legislation for Management
260
_a
New Delhi
_b
Vikas
_c
2015
300
_a
656
650
_a
BBA
942
_2
ddc
_c
BK
999
_c
6201
_d
6201